Con sabor a hogar : (Registro nro. 59633)
[ vista simple ]
| 000 -CABECERA | |
|---|---|
| Longitud fija campo de control | 01807cam a2200445 i 4500 |
| 003 - • IDENTIFICADOR DELl NÚMERO DE CONTROL | |
| Identificador del número de control | CO-BoRNBP |
| 005 - • FECHA Y HORA DE LA ÚLTIMA TRANSACCIÓN | |
| Fecha y hora de la última transacción | 20251024195435.0 |
| 007 - • CAMPO FIJO DE DESCRIPCIÓN FÍSICA | |
| Campo fijo de descripción física | ta |
| 008 - • CÓDIGOS DE INFORMACIÓN DE LONGITUD FIJA | |
| Códigos de información de longitud fija | s2024 ck a br 000 pdspa |
| 020 ## - • NÚMERO INTERNACIONAL NORMALIZADO PARA LIBROS | |
| Número Internacional Normalizado para Libros (ISBN) | 9789587535846 |
| Información calificativa | (impreso) |
| 040 ## - FUENTE DE LA CATALOGACIÓN | |
| Centro catalogador de origen | CO-BoBN |
| Lengua de catalogación | spa |
| Normas de descripción | rda |
| Centro transcriptor | CO-BoBN |
| 041 0# - • CÓDIGO DE LENGUA | |
| Código de lengua del texto/banda sonora o título independiente | spa |
| 043 ## - CÓDIGO DE ÁREA GEOGRÁFICA | |
| Código de área geográfica | s-ck--- |
| 082 04 - • NÚMERO DE LA CLASIFICACIÓN DECIMAL DEWEY | |
| Número de clasificación (R) | Co861.008 |
| Número de edición | 23 |
| 100 1# - • PUNTO DE ACCESO PRINCIPAL-NOMBRE DE PERSONA | |
| Nombre de persona | Pombo, Rafael, |
| Fechas asociadas al nombre | 1833-1912, |
| Término indicativo de función | autor |
| 245 10 - • TITULO PROPIAMENTE DICHO | |
| Título | Con sabor a hogar : |
| Resto del título | poesía colombiana para niñas y niños / |
| Mención de responsabilidad, etc. | Rafael Pombo [y otros once] ; selección, Beatriz Helena Robledo ; ilustraciones, Ana María Ardila |
| 250 ## - • MENCIÓN DE EDICIÓN | |
| Mención de edición | Primera edición |
| 264 #1 - PRODUCCIÓN, PUBLICACIÓN , DISTRIBUCIÓN, FABRICACIÓN Y COPYRIGHT | |
| Lugar de producción, publicación, distribución, fabricación | Bogotá : |
| Nombre del productor, editor, distribuidor, fabricante | Ministerio de las Culturas, las Artes y los Saberes de Colombia, |
| Fecha de de producción, publicación, distribución, fabricación o copyright | 2024 |
| 300 ## - • DESCRIPCIÓN FÍSICA | |
| Extensión | 48 páginas sin numerar : |
| Otras características físicas | ilustraciones a color ; |
| Dimensiones | 24 cm |
| 336 ## - TIPO DE CONTENIDO | |
| Término de tipo de contenido | Texto |
| Código de tipo de contenido | txt |
| Fuente | rdacontent |
| 337 ## - TIPO DE MEDIO | |
| Nombre del tipo de medio | Sin mediación |
| Código del tipo de medio | n |
| Fuente | rdamedia |
| 338 ## - TIPO DE SOPORTE | |
| Nombre del tipo de soporte | Volumen |
| Código del tipo de soporte | nc |
| Fuente | rdacarrier |
| 490 0# - • MENCIÓN DE SERIE | |
| Mención de serie | Leer es mi cuento ; |
| Designación de volumen o secuencia | número 58 |
| 500 ## - • NOTA GENERAL | |
| Nota general | Incluye datos biográficos de los autores |
| 650 14 - • PUNTO DE ACCESO ADICIONAL DE MATERIA - TÉRMINO DE MATERIA | |
| Término de materia o nombre geográfico como elemento inicial | Poesía infantil colombiana |
| Subdivisión de forma | Colecciones |
| Fuente del encabezamiento o término | LEMB |
| 650 24 - • PUNTO DE ACCESO ADICIONAL DE MATERIA - TÉRMINO DE MATERIA | |
| Término de materia o nombre geográfico como elemento inicial | Libros ilustrados para niños |
| Fuente del encabezamiento o término | LEMB |
| 700 1# - • PUNTO DE ACCESO ADICIONAL - NOMBRE DE PERSONA | |
| Nombre de persona | Jamioy, Hugo, |
| Fechas asociadas al nombre | 1971-,eautor |
| 700 1# - • PUNTO DE ACCESO ADICIONAL - NOMBRE DE PERSONA | |
| Nombre de persona | Díaz, Gloria Cecilia, |
| Fechas asociadas al nombre | 1951-, |
| Término indicativo de función | autora |
| 700 1# - • PUNTO DE ACCESO ADICIONAL - NOMBRE DE PERSONA | |
| Nombre de persona | Ruiz, Clarisa, |
| Fechas asociadas al nombre | 1959-, |
| Término indicativo de función | autora |
| 700 1# - • PUNTO DE ACCESO ADICIONAL - NOMBRE DE PERSONA | |
| Nombre de persona | Delmar, Meira, |
| Fechas asociadas al nombre | 1922-2009, |
| Término indicativo de función | autora |
| 700 1# - • PUNTO DE ACCESO ADICIONAL - NOMBRE DE PERSONA | |
| Nombre de persona | Peralta, María del Sol, |
| Fechas asociadas al nombre | 1977-, |
| Término indicativo de función | autora |
| 700 1# - • PUNTO DE ACCESO ADICIONAL - NOMBRE DE PERSONA | |
| Nombre de persona | Díaz-Granados, José Luis, |
| Fechas asociadas al nombre | 1946-, |
| Término indicativo de función | autor |
| 700 1# - • PUNTO DE ACCESO ADICIONAL - NOMBRE DE PERSONA | |
| Nombre de persona | Castillo, Eduardo, |
| Fechas asociadas al nombre | 1889-1938, |
| Término indicativo de función | autor |
| 700 1# - • PUNTO DE ACCESO ADICIONAL - NOMBRE DE PERSONA | |
| Nombre de persona | Rubens, Diana, |
| Fechas asociadas al nombre | 1910-1993, |
| Término indicativo de función | autora |
| 700 1# - • PUNTO DE ACCESO ADICIONAL - NOMBRE DE PERSONA | |
| Nombre de persona | Caro, Víctor Eduardo, |
| Fechas asociadas al nombre | 1877-1944, |
| Término indicativo de función | autor |
| 700 1# - • PUNTO DE ACCESO ADICIONAL - NOMBRE DE PERSONA | |
| Nombre de persona | Robledo, Beatriz Helena, |
| Término indicativo de función | compiladora |
| 700 1# - • PUNTO DE ACCESO ADICIONAL - NOMBRE DE PERSONA | |
| Nombre de persona | Ardila, Ana María, |
| Término indicativo de función | ilustradora |
| 942 ## - ENTRADA DE ELEMENTOS AGREGADOS (KOHA) | |
| Fuente de clasificaión o esquema | Dewey Decimal Classification |
| Koha [por defecto] tipo de item | LIbro |
| Perdido | Fuente de clasificación o esquema | Estado Físico | No para préstamo | Forma de adquisición | Localización permanente | Localización actual | Localización en estanterías | Fecha adquisición | Préstamos totales | Signatura completa | Código de barras | Fecha última consulta | Número de copia | Fecha del precio de reemplazo | Tipo de item de Koha |
|---|---|---|---|---|---|---|---|---|---|---|---|---|---|---|---|
| Dewey Decimal Classification | Infantil | Biblioteca Pública Dorado | Biblioteca Pública Dorado | Sala Infantil | 02/25/2026 | Co861.008 | DOR03425 | 02/25/2026 | Ej.1 | 02/25/2026 | LIbro | ||||
| Dewey Decimal Classification | Infantil | Biblioteca Pública Lejanias | Biblioteca Pública Lejanias | Sala Infantil | 10/24/2025 | Co861.008 | LEJ01054 | 10/24/2025 | Ej.1 | 10/24/2025 | LIbro | ||||
| Dewey Decimal Classification | Infantil | Biblioteca Pública San Carlos de Guaroa - Eduardo Carranza | Biblioteca Pública San Carlos de Guaroa - Eduardo Carranza | Sala Infantil | 12/11/2025 | Co861.008 | SG04443 | 12/11/2025 | Ej.1 | 12/11/2025 | LIbro | ||||
| Dewey Decimal Classification | Sala Infantil Segundo Piso | Biblioteca Pública Germán Arciniegas - Villavicencio | Biblioteca Pública Germán Arciniegas - Villavicencio | Sala Infantil | 09/24/2025 | Co861.008 | 33551 | 02/26/2026 | Ej.1 | 02/26/2026 | LIbro | ||||
| Dewey Decimal Classification | Sala Infantil Segundo Piso | Biblioteca Pública Germán Arciniegas - Villavicencio | Biblioteca Pública Germán Arciniegas - Villavicencio | Sala Infantil | 09/24/2025 | Co861.008 | 33552 | 02/26/2026 | Ej.2 | 02/26/2026 | LIbro |